Commentary on the right to information act / (Record no. 102)
[ view plain ]
| 000 -LEADER | |
|---|---|
| fixed length control field | 00621cam a22001935i 4500 |
| 001 - CONTROL NUMBER | |
| control field | 23870125 |
| 005 - DATE AND TIME OF LATEST TRANSACTION | |
| control field | 20241021123023.0 |
| 008 - FIXED-LENGTH DATA ELEMENTS--GENERAL INFORMATION | |
| fixed length control field | 240918s2024 ii 000 0 eng |
| 020 ## - INTERNATIONAL STANDARD BOOK NUMBER | |
| International Standard Book Number | 9789350351512 |
| 050 ## - LIBRARY OF CONGRESS CALL NUMBER | |
| Classification number | KNS2119 |
| Item number | .B23 |
| 100 ## - MAIN ENTRY--PERSONAL NAME | |
| Personal name | Barowalia, J.N. |
| 245 00 - TITLE STATEMENT | |
| Title | Commentary on the right to information act / |
| Statement of responsibility, etc. | J. N. Barowalia |
| 250 ## - EDITION STATEMENT | |
| Edition statement | Third Edition |
| Remainder of edition statement | Reprint 2013 |
| 260 ## - PUBLICATION, DISTRIBUTION, ETC. | |
| Place of publication, distribution, etc. | New Delhi, India |
| Name of publisher, distributor, etc. | Universal Law Publishing Co. PVT. Ltd |
| Date of publication, distribution, etc. | c2012 |
| 300 ## - PHYSICAL DESCRIPTION | |
| Extent | lvi, 1166 pages |
| Other physical details | Tables, Forms, Subject Index |
| Dimensions | 25cm |
| 650 ## - SUBJECT ADDED ENTRY--TOPICAL TERM | |
| Source of heading or term | Information |
| Topical term or geographic name entry element | India |
| 650 ## - SUBJECT ADDED ENTRY--TOPICAL TERM | |
| Source of heading or term | Right |
| Topical term or geographic name entry element | India |
| 942 ## - ADDED ENTRY ELEMENTS (KOHA) | |
| Source of classification or shelving scheme | Library of Congress Classification |
| Koha item type | Books |
| Edition | Third Edition |
| Suppress in OPAC | No |
| 999 ## - | |
| -- | 102 |
| -- | 102 |
| Withdrawn status | Lost status | Source of classification or shelving scheme | Damaged status | Not for loan | Collection | Home library | Current library | Shelving location | Date acquired | Total checkouts | Full call number | Barcode | Date last seen | Copy number | Price effective from | Koha item type |
|---|---|---|---|---|---|---|---|---|---|---|---|---|---|---|---|---|
| Library of Congress Classification | Reference | Law Library (Christ Temple) | Law Library (Christ Temple) | General stacks | 01/21/2025 | KNS2119.B23 BAR | LLCT00000235 | 01/21/2025 | 1 | 01/21/2025 | Books | |||||
| Library of Congress Classification | Reference | Law Library (Christ Temple) | Law Library (Christ Temple) | General stacks | 01/21/2025 | KNS2119.B23 BAR | LLCT00000236 | 01/21/2025 | 2 | 01/21/2025 | Books | |||||
| Library of Congress Classification | Reference | Law Library (Christ Temple) | Law Library (Christ Temple) | General stacks | 01/21/2025 | KNS2119.B23 BAR | LLCT00000237 | 01/21/2025 | 3 | 01/21/2025 | Books | |||||
| Library of Congress Classification | Reference | Law Library (Christ Temple) | Law Library (Christ Temple) | General stacks | 01/21/2025 | KNS2119.B23 BAR | LLCT00000667 | 05/24/2025 | 4 | 01/21/2025 | Books | |||||
| Library of Congress Classification | Reference | Law Library (Christ Temple) | Law Library (Christ Temple) | General stacks | 01/21/2025 | KNS2119.B23 BAR | LLCT00000668 | 05/24/2025 | 5 | 01/21/2025 | Books | |||||
| Library of Congress Classification | Non-fiction | Law Library (Miotso) | Law Library (Miotso) | Reference | 10/21/2024 | KNS2119.B23 BAR | llm00000186 | 10/21/2024 | 1 | 10/21/2024 | Books | |||||
| Library of Congress Classification | Non-fiction | Law Library (Miotso) | Law Library (Miotso) | General stacks | 11/09/2024 | KNS2119.B23 BAR | LLM00000786 | 11/09/2024 | 2 | 11/09/2024 | Books | |||||
| Library of Congress Classification | Non-fiction | Law Library (Miotso) | Law Library (Miotso) | General stacks | 11/09/2024 | KNS2119.B23 BAR | LLM00000787 | 11/09/2024 | 3 | 11/09/2024 | Books | |||||
| Library of Congress Classification | Non-fiction | Law Library (Miotso) | Law Library (Miotso) | General stacks | 11/09/2024 | KNS2119.B23 BAR | LLM00000788 | 11/09/2024 | 4 | 11/09/2024 | Books |